000 00275nam a2200121 a 4500
008 110104s1979|||| d
245 1 0 _aZobrazené spisy 4
100 1 _aLenin, V. I.
260 _bPravda
_aBratislava
_c1979
020 _c16
044 _axo
_cSK
041 _aslo
999 _c15424
_d15424